000
00214nam a22000857a 4500
008
160718b xxu||||| |||| 00| 0 eng d
100
_9
3041
_a
Singh A
245
_a
Cricket-Quiz
260
_a
New Delhi
_b
SET Publication
_c
2009
999
_c
2604
_d
2604